000 00804nam a22001817a 4500
005 20250212084645.0
008 250120b |||||||| |||| 00| 0 eng d
100 _aRoxas, Jean Nikolai.
_eauthor.
_964665
245 _aCroplook :
_bKapatagan agricultural trading portal and production forecast with sms notification /
_cJean Nikolai Roxas, Dhominic Arendain, Amilissa Araneta, and Cyvil Dave Dasargo.
260 _aPhilippines ;
_bUniversity of Mindanao,
_c2021.
300 _avolume 13. pages 419-441,
_billustration.
500 _aResearch Journal, v. 13, iss. 1, pages 419-441, 2022.
700 _aRoxas, Jean Nikolai.
_eauthor.
_964665
700 _aArendain, Dhominic.
_eauthor.
_964666
700 _aAraneta, Amilissa.
_eauthor.
_964667
700 _aDasargo, Cyvil Dave.
_964668
942 _2ddc
_cPER
999 _c23352
_d23352